000
00332 a2200109 4500
001
ART_51817
005
20260410162044.0
008
260409a
245
1
0
_a
El nuevo Régimen de información de planificaciones fiscales
100
1
_a
Coronello, Silvina E.
773
0
_t
Impuestos
_g
- N°88 (nov. 2020)
_w
REV45175
999
_c
35192
_d
35192